Využitie mezanínového financovania v podnikovej praxi
Podstata a význam mezanínového financovania. Klasický dlh verzus mezanínový kapitál verzus vlastný kapitál. Kategorizácia nástrojov mezanínového financovania. Charakteristické črty, výhody a nevýhody mezanínového financovania. Využitie mezanínového kapitálu v podnikovej praxi.
Enregistré dans:
| Auteur principal: | |
|---|---|
| Format: | Chapitre de livre |
| Langue: | slovaque |
| Sujets: | |
| Tags: |
Pas de tags, Soyez le premier à ajouter un tag!
|
MARC
| LEADER | 00000nla$a2200000$$$4500 | ||
|---|---|---|---|
| 001 | 0146911 | ||
| 005 | 20221019112533.7 | ||
| 041 | 0 | |a slo | |
| 044 | |a SK | ||
| 245 | 1 | 0 | |a Využitie mezanínového financovania v podnikovej praxi |c Zuzana Závarská |
| 520 | |a Podstata a význam mezanínového financovania. Klasický dlh verzus mezanínový kapitál verzus vlastný kapitál. Kategorizácia nástrojov mezanínového financovania. Charakteristické črty, výhody a nevýhody mezanínového financovania. Využitie mezanínového kapitálu v podnikovej praxi. | ||
| 610 | 2 | 0 | |a financovanie podnikov |
| 610 | 2 | 0 | |a kapitál vlastný |
| 610 | 2 | 0 | |a rozvoj podniku |
| 610 | 2 | 0 | |a úver |
| 610 | 2 | 0 | |a dlhy |
| 610 | 2 | 0 | |a prostredie podnikové |
| 100 | 1 | |a Závarská, Zuzana | |